Responses for Primetime Celebrity Jeopardy! game #7 - Sunday, November 6, 2022

2022-2023 Primetime Celebrity Jeopardy! quarterfinal game 6.

Contestants

[<< previous game]

Melissa Rauch, an actor from Marlboro Township, New Jersey

Joel Kim Booster, a comedian from Chicago, Illinois

Ray Romano, an actor from Queens, New York

[next game >>]

Jeopardy! Round responses

FIRE ISLAND
BIG ____
READY FOR MY NUDE SCENE
BERNIE & BERNADETTE
ALL ABOUT ALLITERATIVE BOOK CHARACTERS
EVERYBODY LOVES RAIN, MAN
    $100 6
Oahu

Triple Stumper
    $100 7
(Joel: What is Gotham?)

the Big Apple

RayJoel
    $100 12
Friends

Ray
    $100 17
Bernie Sanders

Melissa
    $100 22
(Ray: I never saw it.)

Hogwarts

Ray
    $100 1
the Amazon

Ray
    $200 27
Sicily

Joel
    $200 8
big shoes

Ray
    $200 13
Bradley Cooper

Melissa
    $200 18
Bernadette Peters

Ray
    $200 23
Narnia

Joel
    $200 2
a windshield wiper

Ray
    $300 28
Cuba

Ray
    $300 9
the big top

Joel
    $300 14
(Ray: Who is Jonah Hill?)

Leonardo DiCaprio

RayJoel
    $300 19
(Mayim: That's right, a classic in its own time.)

Weekend at Bernie's

Ray
    $300 24
A Christmas Carol

Joel
    $300 3
Gene Kelly

Ray
    $400 29
Catalina

Triple Stumper
    $400 10
The Big Short

Joel
    $400 15
Dr. Ken (Jeong)

Melissa
    $400 20
Bernie Madoff

Melissa
    $400 25
Big Brother

Melissa
    $400 4
Saturn

Joel
    $500 30
Ireland

Joel
    $500 11
a big stick

Joel
    $500 16
Elizabeth Hurley

Joel
    $500 21
Lourdes

Triple Stumper
    $500 26
One Flew Over the Cuckoo's Nest

Joel
    $500 5
fire & brimstone

Joel

Scores at the first commercial break (after clue 15):

Ray Joel Melissa
$700 $2,300 $600

Scores at the end of the Jeopardy! Round:

Ray Joel Melissa
$1,600 $4,500 $1,500

Double Jeopardy! Round responses

LOST IN EXPLORATION
BOOKS & AUTHORS
HUMAN ANATOMY & PHYSIOLOGY
SITCOMS
FUN WITH FLAGS
STARTS WITH 2 VOWELS
    $200 16
Asia

Triple Stumper
    $200 6
Mary Poppins

Ray
    $200 19
the heart

Triple Stumper
    $200 1
Curb Your Enthusiasm

Melissa
    $200 26
India

Joel
    $200 7
Easter

Joel
    $400 17
Indiana Jones

Joel
    $400 8
the Mountain

Ray
    $400 21
your skin

Ray
    $400 2
[The "i.e." was shown in lowercase in the clue, despite starting a sentence.]

Julia Louis-Dreyfuss

Melissa
    $400 27
Puerto Rico

Ray
    $400 9
an easel

Joel
    $600 18
the fountain of youth

Ray
    $600 10
the color purple

Triple Stumper
    $600 22
the lungs

Joel
    $600 3
(Joel: What is Gotham?)
...
(Joel: Gotham's never an answer.)

What We Do in the Shadows

Joel
Triple Stumper
    $600 28
the Big Dipper

Joel
    $600 13
aerobics

Melissa
    $800 24
Dr. Livingstone

Ray
    $800 11
Sylvia Plath

Joel
    $1,500 20
(Ray: The two-word name. The, uh...)
...
(Ray: [After being given the correct response] And now I feel like one.)

gluteus maximus

Ray
    $500 4
(Joel: [Whispering] You know it.)
(Melissa: Oh. Oh, oh, um... djyeah, uhh...)

The Wonder Years

Melissa
    $800 29
(Joel: What is Vatican City?)

London

Joel
Triple Stumper
    $800 14
Airbus

Triple Stumper
    $1000 25
Verrazzano

Ray
    $1000 12
Stieg Larsson

Joel
    $1000 23
[Ray pronounced his response like "LARE-ee-nix", causing Mayim to hesitate in accepting it and to supply the correct pronunciation.]

the larynx

Ray
    $1000 5
Terry Crews

Joel
    $1000 30
(Mayim: Well, Joel started out on "fire" and right now he's on an "island" all his own.)

a hammer & sickle

Joel
    $1000 15
(Mayim: Well, Melissa, Joel, and Ray, you are three of the funniest people in the business, but tonight, you're kinda all business. Intense game. We'll be right back after this break with more Celebrity Jeopardy!)

an eon

Joel

Scores at the Double Jeopardy! Round commercial break (after clue 15):

Ray Joel Melissa
$2,200 $8,300 $2,200

Scores at the end of the Double Jeopardy! Round:

Ray Joel Melissa
$4,900 $10,300 $2,200

Triple Jeopardy! Round

BALLET & OPERA
FACTS ABOUT COUNTRIES
HISTORY IN COMEDY
POLITICS
DOG-GONE WORDS
JOHNNY GILBERT SAYS THE NO. 1 HITS
(Mayim: You name the song.)
    $300 16
The Nutcracker

Joel
    $300 24
Mount Everest

Ray
    $300 1
(Ray: Who is Mel Brooks?)
(Melissa: Who is Sid Caesar?)
...
(Ray: Oh. We're stupid.)

Robin Hood

RayMelissa
Triple Stumper
    $300 21
Wyoming

Triple Stumper
    $300 6
mutt

Melissa
    $300 11
"Call Me Maybe"

Joel
    $600 17
the barber

Melissa
    $600 25
Hungary

Triple Stumper
    $600 2
a duel

Joel
    $600 22
Ted Cruz

Joel
    $600 7
a hound dog

Joel
    $600 12
"Truth Hurts"

Triple Stumper
    $200 18
Romeo & Juliet

Melissa
    $4,000 26
(Ray: Oh, uh... what is... what is China?)

New Zealand

Ray
    $900 3
(Melissa: What is marijuana?)

tobacco

Melissa
Triple Stumper
    $900 23
filibustering

Ray
    $2,000 8
canine

Joel
    $900 13
"Sweet Child O' Mine"

Triple Stumper
    $1200 19
Misty Copeland

Triple Stumper
    $1200 27
Peru

Melissa
    $1200 4
(Ray: We're not gettin' it.)

Benedict Arnold

Triple Stumper
    $1200 29
the State of the Union (address)

Joel
    $1200 9
toy

Joel
    $1200 14
(Mayim: Megan Thee Stallion.)

"Savage"

Triple Stumper
    $1500 20
(Ray: Never heard of him.)

Mozart

Triple Stumper
    $1500 28
the Suez Canal

Triple Stumper
    $1500 5
Blackbeard

Joel
    $1500 30
Gavin Newsom

Joel
    $1500 10
heel

Ray
    $1500 15
(Joel: What is "All Star"?)

"One Week"

Joel
Triple Stumper

Scores at the end of the Triple Jeopardy! Round:

Ray Joel Melissa
$3,300 $18,600 $3,300
(lock game)

[wagering suggestions for these scores]

Final Jeopardy! Round responses

BRANDS
[Melissa's response was revealed first.]
(Ray: [Holding up his left index finger after his response is revealed] Just once! One time-out per player, that's all I'm--that's a suggestion.)
...
(Mayim: Making the plastic bricks rather than wooden toys drastically changed the fortunes of the company and so many peoples' lives.)
RayWhat is we Should be able able To Pause!
$3,258
MelissaWhat
$3,300
JoelWhat are Legos?
$400
Lego

Final scores:

Ray Joel Melissa
$42 $19,000 $0
2nd place: $30,000 to Harvest Home Winner: semifinalist 3rd place: $30,000 to Oscar’s Kids

Game dynamics:

Coryat scores:

Ray Joel Melissa
$8,800 $17,500 $4,500
21 R,
4 W
(including 2 DDs)
33 R
(including 2 DDs),
4 W
12 R
(including 1 DD),
3 W
(including 1 DD)

Combined Coryat: $30,800

[game clues] [game scores] [suggest correction]

Game tape date: 2022-10-02
The J! Archive is created by fans, for fans. Scraping, republication, monetization, and malicious use prohibited; this site may use cookies and collect identifying information. See terms. The Jeopardy! game show and all elements thereof, including but not limited to copyright and trademark thereto, are the property of Jeopardy Productions, Inc. and are protected under law. This website is not affiliated with, sponsored by, or operated by Jeopardy Productions, Inc. Join the discussion at JBoard.tv.